000 00474nam a2200181Ia 4500
001 8207
005 20260306160552.0
008 260306t2022||||xx |||||||||||||| ||spa||
041 _aESP
082 _a370.15
_bI23
100 _aIbáñez-Martín, José Antonio,
_eAUT
245 0 _aRetos actuales de la acción educativa :
_bcarácter y personalidad
260 _c2022
300 _a157 páginas :
_c24 cm.
650 _aGEN
654 _aCED
942 _cLIB
_dJUS
_fJUS
_2ddc
_n
999 _c8207
_d8207